|
|
|
|
| LEADER |
00000nab a2200000 a 4500 |
| 001 |
vtls000482420 |
| 003 |
SK-MaSNL |
| 005 |
20260305014542.0 |
| 008 |
250424c1993 xo 0 slo |
| 015 |
|
|
|a SNBRB19rr/mm-uuuuu
|
| 035 |
|
|
|a CL0482555
|
| 035 |
|
|
|a urn:nbn:sk:snk-ab6i96
|
| 035 |
|
|
|a (uuid)34bb2c27-0bdb-4ab0-9247-e8dab543e39f
|
| 035 |
|
|
|a (urnnbn)urn:nbn:sk:snk:ar-003s5p
|
| 040 |
|
|
|a SNKBUCL
|b slo
|c SNKBUCL
|e AACR2
|
| 041 |
0 |
|
|a slo
|
| 044 |
|
|
|a xo
|c SK
|
| 080 |
|
|
|a 027.52(091)
|2 1981
|
| 100 |
1 |
|
|a Kamenská, M.
|4 aut
|9 788408
|
| 245 |
1 |
0 |
|a Stopäťdesiat rokov knižnice v Tisovci
|c M. Kamenská
|
| 300 |
|
|
|b Lit. 3 zázn. v češ., slov.
|
| 610 |
2 |
7 |
|a Mestská knižnica A.H. Škultétyho (Tisovec, Slovensko)
|2 SNKKA
|9 85580
|
| 655 |
|
7 |
|a články z novín a časopisov
|2 snkbucl
|9 267496
|
| 655 |
|
7 |
|a články z odboru knihovníctvo
|2 snkbucl
|9 166141
|
| 773 |
0 |
|
|t Knižnice a informácie
|g Roč. 25, č. 4 (1993), s. 166-169
|x 0322-807X
|
| 850 |
|
|
|a Slovenská národná knižnica
|
| 852 |
|
|
|a Slovenská národná knižnica
|
| 954 |
|
|
|a odborná, vedecká literatúra pôvodná (slovenská)
|2 lita
|
| 957 |
|
|
|a 5309
|
| 958 |
|
|
|a article2022
|
| 958 |
|
|
|a RK
|
| 958 |
|
|
|a KL
|
| 958 |
|
|
|a OND
|
| 958 |
|
|
|a EUIPO
|
| 992 |
|
|
|a RBX
|
| 999 |
|
|
|c 3270149
|d 3272079
|